00823nam a22002177a 4500003001100000005001700011008004100028020001800069040003900087041000800126082001600134245012200150260004500272300001400317650003800331650003200369942000700401952009100408952009100499999001500590LK-CoMWRAF20231122144956.0230930b2007 |||||||| |||| 00| 0 eng d a9789551858001 aLK-CoMWRAFdLK-CoMWRAFeLK-CoMWRAF aeng a305.42bSPA aspace to speak: bstudy on female domestic workers in Sri Lanka (with special reference to the tea plantation sector) aKandy:bRed flag women's movement,c2007 aiv, 28 p. aFEMALE DOMESTIC WORKERS-Sri Lanka aFemale workers-Tea industry cBK 00104070aMAINbMAINd2023-09-30l0o305.42 SPApRAF1551r2023-09-30w2023-09-30yBK 00104070aMAINbMAINd2023-12-11l0o305.42 SPApRAF4514r2023-12-11w2023-12-11yBK c3758d3758